00186nam a2200061Ia 4500008004100000100002100041245006200062240331s9999 xx 000 0 und d aWijesinha, R. ed 3aAn anthology of contemporary Sri Lankan poetry in english